[Event "GBR-ch Major 106th"]
[Site "Torquay"]
[Date "2019.08.01"]
[Round "6"]
[White "Morgan, Jamie"]
[Black "Lovell, William Pm"]
[Result "0-1"]
[WhiteElo "1894"]
[BlackElo "1777"]
[PlyCount "88"]
[EventDate "2019.07.27"]
[EventType "swiss"]
[EventRounds "9"]
[EventCountry "ENG"]
[SourceTitle "EXT 2020"]
[Source "ChessBase"]
[SourceDate "2019.10.17"]
[SourceVersion "1"]
[SourceVersionDate "2019.10.17"]
[SourceQuality "1"]

1. e4 c5 2. Nc3 Nc6 3. f4 g6 4. Nf3 Bg7 5. Bb5 Nd4 6. 0-0 a6 7. Bd3 e6 8. b3 Ne7 9. Qe1 0-0 10. Rb1 d5 11. e5 Nec6 12. Nxd4 Nxd4 13. Ne2 Nxe2+ 14. Qxe2 f6 15. Bb2 Qc7 16. exf6 Bxf6 17. Be5 Bxe5 18. fxe5 Bd7 19. Qe3 Bb5 20. Rbe1 Bxd3 21. Qxd3 Rxf1+ 22. Qxf1 Rf8 23. Qe2 Rf5 24. g4 Rf4 25. Rf1 Re4 26. Qf3 Qg7 27. Qf6 Qxf6 28. Rxf6 Rxe5 29. Kf2 Kg7 30. Rf3 g5 31. c3 Re4 32. h3 e5 33. Kg3 Rf4 34. Rd3 d4 35. cxd4 exd4 36. h4 h6 37. hxg5 hxg5 38. Rf3 Rxf3+ 39. Kxf3 Kf6 40. Ke4 Ke6 41. b4 b6 42. bxc5 bxc5 43. d3 a5 44. a4 Kd6 0-1

[Event "GBR-ch Major 106th"]
[Site "Torquay"]
[Date "2019.07.28"]
[Round "2"]
[White "Warren, Alexander"]
[Black "Lovell, William Pm"]
[Result "1/2-1/2"]
[WhiteElo "1967"]
[BlackElo "1777"]
[PlyCount "54"]
[EventDate "2019.07.27"]
[EventType "swiss"]
[EventRounds "9"]
[EventCountry "ENG"]
[SourceTitle "EXT 2020"]
[Source "ChessBase"]
[SourceDate "2019.10.17"]
[SourceVersion "1"]
[SourceVersionDate "2019.10.17"]
[SourceQuality "1"]

1. Nf3 d5 2. c4 dxc4 3. e3 Nf6 4. Bxc4 e6 5. 0-0 a6 6. b3 b5 7. Be2 Bb7 8. Bb2 Be7 9. a4 b4 10. d3 0-0 11. Nbd2 Nbd7 12. Qc2 Rc8 13. Rac1 Nb6 14. e4 Nfd7 15. a5 Na8 16. Rfd1 c5 17. Nc4 Nc7 18. Qb1 Nb5 19. d4 cxd4 20. Bxd4 Nxd4 21. Rxd4 Bc5 22. Rd2 Qe7 23. e5 Nb8 24. Rcd1 Rcd8 25. h4 Bxf3 26. Bxf3 Qxh4 27. Qc2 Rxd2 1/2-1/2

[Event "GBR-ch 105th Morning op"]
[Site "Hull"]
[Date "2018.08.03"]
[Round "5"]
[White "Lovell, William Pm"]
[Black "Bryant, Richard BE"]
[Result "0-1"]
[WhiteElo "1754"]
[BlackElo "1944"]
[PlyCount "64"]
[EventDate "2018.07.30"]
[EventType "swiss"]
[EventRounds "5"]
[EventCountry "ENG"]
[SourceTitle "EXT 2019"]
[Source "ChessBase"]
[SourceDate "2018.10.10"]
[SourceVersion "1"]
[SourceVersionDate "2018.10.10"]
[SourceQuality "1"]

1. c4 e5 2. g3 Nc6 3. Bg2 f5 4. Nc3 Nf6 5. Nf3 e4 6. Ng1 d6 7. e3 Ne5 8. Bf1 Be6 9. b3 Bf7 10. Be2 Be7 11. Nh3 Qd7 12. Nf4 c6 13. d4 Ng6 14. Ba3 Qd8 15. Nh5 Qa5 16. Bb2 Nxh5 17. Bxh5 d5 18. Be2 0-0 19. 0-0 Rac8 20. Qd2 Qd8 21. Rfc1 dxc4 22. bxc4 Ne5 23. Nb1 Nf3+ 24. Bxf3 exf3 25. Ba3 Bh5 26. Bxe7 Qxe7 27. Qe1 Qd7 28. Qf1 f4 29. gxf4 Bg4 30. Kh1 Bh3 31. Qd3 Bg2+ 32. Kg1 Qg4 0-1

[Event "GBR-ch Major 105th"]
[Site "Hull"]
[Date "2018.08.03"]
[Round "7"]
[White "Wilson, Matthew R"]
[Black "Lovell, William Pm"]
[Result "1-0"]
[WhiteElo "1816"]
[BlackElo "1754"]
[PlyCount "91"]
[EventDate "2018.07.28"]
[EventType "swiss"]
[EventRounds "9"]
[EventCountry "ENG"]
[SourceTitle "CBM 185 Extra"]
[Source "ChessBase"]
[SourceDate "2018.07.29"]
[SourceVersion "1"]
[SourceVersionDate "2018.07.29"]
[SourceQuality "1"]

1. Nf3 d5 2. b3 c5 3. Bb2 Nc6 4. e3 Bg4 5. h3 Bh5 6. d4 cxd4 7. exd4 e6 8. Nbd2 Bb4 9. Be2 Nf6 10. a3 Bd6 11. 0-0 0-0 12. c4 Rc8 13. Ne5 Bxe2 14. Qxe2 Re8 15. Rac1 Nd7 16. f4 f5 17. b4 a6 18. Nxd7 Qxd7 19. c5 Be7 20. Bc3 Bf6 21. Nf3 Na7 22. Qd1 Qc7 23. Nd2 Nb5 24. Nb1 b6 25. a4 Na7 26. Qd3 Qb7 27. Na3 b5 28. axb5 axb5 29. Ra1 Ra8 30. Nc2 Nc6 31. Rfe1 Kf7 32. Qe2 Bh4 33. Qh5+ Kg8 34. Qxh4 Rxa1 35. Rxa1 Ra8 36. Qe1 Kf7 37. Rxa8 Qxa8 38. Qa1 Qb7 39. Ne1 h6 40. Nf3 Ke7 41. Be1 Kf8 42. Ne5 Nxe5 43. fxe5 Kf7 44. Qa5 g5 45. Qb6 Qd7 46. c6 1-0

[Event "BCF-chT4S 1718 (4NCL)"]
[Site "England"]
[Date "2018.02.10"]
[Round "5.35"]
[White "Lovell, William Pm"]
[Black "Siddharth, Gopakumar"]
[Result "0-1"]
[WhiteElo "1635"]
[BlackElo "1827"]
[PlyCount "68"]
[EventDate "2017.11.11"]
[EventType "team-swiss"]
[EventRounds "11"]
[EventCountry "ENG"]
[SourceTitle "EXT 2020"]
[Source "ChessBase"]
[SourceDate "2019.10.17"]
[SourceVersion "1"]
[SourceVersionDate "2019.10.17"]
[SourceQuality "1"]
[WhiteTeam "Wessex II"]
[BlackTeam "All Anands on Deck"]
[WhiteTeamCountry "ENG"]
[BlackTeamCountry "ENG"]

1. d4 Nf6 2. Bf4 d5 3. e3 e6 4. Nf3 Bd6 5. Bg3 0-0 6. Nbd2 c5 7. c3 b6 8. Ne5 Ba6 9. Bxa6 Nxa6 10. 0-0 Qc7 11. f4 Rad8 12. Bh4 Be7 13. Rf3 Nb8 14. Rh3 Nbd7 15. Ndf3 Rde8 16. Nxd7 Nxd7 17. Bxe7 Rxe7 18. Qd3 f5 19. g4 cxd4 20. cxd4 Qc4 21. Qxc4 dxc4 22. g5 b5 23. b3 Nb6 24. Rc1 Rc7 25. Ne5 Rfc8 26. b4 Nd5 27. a3 a5 28. Rb1 axb4 29. axb4 Ra8 30. Rg3 Ra4 31. Rc1 Rxb4 32. Kf2 Rb2+ 33. Kg1 Ra7 34. Re1 Raa2 0-1

[Event "Hastings Masters op 93rd"]
[Site "Hastings"]
[Date "2018.01.04"]
[Round "8"]
[White "Lovell, William Pm"]
[Black "Villiers, Thomas"]
[Result "0-1"]
[WhiteElo "1688"]
[BlackElo "2136"]
[PlyCount "90"]
[EventDate "2017.12.28"]
[EventType "swiss"]
[EventRounds "9"]
[EventCountry "ENG"]
[SourceTitle "CBM 182 Extra"]
[Source "ChessBase"]
[SourceDate "2018.02.23"]
[SourceVersion "1"]
[SourceVersionDate "2018.02.23"]
[SourceQuality "1"]

1. d4 Nf6 2. Nc3 d5 3. Bf4 c6 4. e3 Bf5 5. f3 e6 6. g4 Bg6 7. h4 h6 8. Bd3 Bxd3 9. Qxd3 Bd6 10. Nge2 Bxf4 11. exf4 Nbd7 12. 0-0-0 Qc7 13. Kb1 0-0-0 14. Na4 Qa5 15. Qb3 Ne8 16. Nc1 Nd6 17. Nd3 Nc4 18. Rh2 Qc7 19. Ne5 Ndxe5 20. fxe5 f6 21. Nc5 Rde8 22. f4 fxe5 23. fxe5 b6 24. Nd3 Rhf8 25. Rh3 Rf1 26. c3 Nd2+ 27. Kc2 Nxb3 28. Rxf1 Na5 29. Rhf3 Qe7 30. Rf7 Qxh4 31. Rxa7 Kb8 32. Rxg7 Nb7 33. Rff7 Nd8 34. Rf6 Qh2+ 35. Rf2 Qg3 36. Rh7 Qxg4 37. Rxh6 Qe4 38. Rhf6 c5 39. R6f4 Qh7 40. Kd2 c4 41. Nb4 Qh6 42. Kc2 Rg8 43. Rf6 Qe3 44. Rf8 Rg1 45. Rd2 Qe1 0-1

[Event "London Classic op"]
[Site "London"]
[Date "2017.12.04"]
[Round "4"]
[White "Lovell, William Pm"]
[Black "Sielicki, Tomasz"]
[Result "0-1"]
[WhiteElo "1688"]
[BlackElo "2001"]
[PlyCount "50"]
[EventDate "2017.12.02"]
[EventType "swiss"]
[EventRounds "9"]
[EventCountry "ENG"]
[SourceTitle "CBM 182 Extra"]
[Source "ChessBase"]
[SourceDate "2018.02.23"]
[SourceVersion "1"]
[SourceVersionDate "2018.02.23"]
[SourceQuality "1"]

1. d4 Nf6 2. Nc3 d5 3. Bf4 e6 4. e3 Bd6 5. Nf3 Bxf4 6. exf4 0-0 7. Bd3 c5 8. dxc5 Nbd7 9. c6 bxc6 10. Ne5 Qc7 11. Nxd7 Bxd7 12. Qf3 Rab8 13. Rb1 e5 14. fxe5 Qxe5+ 15. Be2 d4 16. Nd1 Bg4 17. Qd3 Rfe8 18. f3 Nd5 19. fxg4 Nf4 20. Qf3 Nxe2 21. Kd2 Qg5+ 22. Kd3 Nf4+ 23. Kxd4 Qe5+ 24. Kc4 Qb5+ 25. Kd4 c5+ 0-1

[Event "London Classic op"]
[Site "London"]
[Date "2017.12.03"]
[Round "3"]
[White "Everett, Joe"]
[Black "Lovell, William Pm"]
[Result "1/2-1/2"]
[WhiteElo "1922"]
[BlackElo "1688"]
[PlyCount "58"]
[EventDate "2017.12.02"]
[EventType "swiss"]
[EventRounds "9"]
[EventCountry "ENG"]
[SourceTitle "CBM 182 Extra"]
[Source "ChessBase"]
[SourceDate "2018.02.23"]
[SourceVersion "1"]
[SourceVersionDate "2018.02.23"]
[SourceQuality "1"]

1. d4 d5 2. c4 dxc4 3. Nf3 Nf6 4. e3 e6 5. Bxc4 a6 6. 0-0 b5 7. Bd3 Bb7 8. Qe2 c5 9. dxc5 Nc6 10. Rd1 Qc7 11. a3 Bxc5 12. b4 Be7 13. Bb2 0-0 14. Nbd2 Rac8 15. Rac1 Qb8 16. Nb3 Rfd8 17. Nc5 Bxc5 18. Rxc5 Nd7 19. Rh5 h6 20. g4 Qc7 21. g5 hxg5 22. Rxg5 e5 23. h4 f6 24. Rg3 Ne7 25. e4 Nf8 26. h5 Ne6 27. h6 g6 28. Bc1 Kh7 29. Nh2 Ng8 1/2-1/2

[Event "Coventry 4NCL op-B 16th"]
[Site "Coventry"]
[Date "2017.11.05"]
[Round "4"]
[White "Lovell, William Pm"]
[Black "David, Ivan"]
[Result "0-1"]
[WhiteElo "1635"]
[BlackElo "1848"]
[PlyCount "90"]
[EventDate "2017.11.03"]
[EventType "swiss"]
[EventRounds "5"]
[EventCountry "ENG"]
[SourceTitle "CBM 181 Extra"]
[Source "ChessBase"]
[SourceDate "2017.12.12"]
[SourceVersion "1"]
[SourceVersionDate "2017.12.12"]
[SourceQuality "1"]

1. d4 Nf6 2. Bf4 c5 3. e3 g6 4. c3 cxd4 5. exd4 Bg7 6. h3 d6 7. Nf3 Qb6 8. Qc1 0-0 9. Be2 Re8 10. 0-0 Nc6 11. Nbd2 e5 12. dxe5 dxe5 13. Be3 Qc7 14. Nb3 b6 15. Re1 Nd5 16. Bh6 Bh8 17. Bc4 Nce7 18. Bb5 Rd8 19. Qg5 f6 20. Qc1 Nf5 21. Bd2 Nd6 22. Bd3 Nc4 23. Bh6 Ne7 24. Nbd2 Rxd3 25. Nxc4 Qxc4 26. Be3 Bb7 27. Nd2 Qc6 28. Nf3 Rad8 29. Qc2 Bg7 30. Rad1 Rxd1 31. Rxd1 Rxd1+ 32. Qxd1 Qd5 33. Qa4 Qc6 34. Qxa7 Nc8 35. Qa3 Bf8 36. Qb3+ Kg7 37. a3 h5 38. Kh2 Be7 39. Kg1 Bd8 40. Kh2 Bc7 41. Kg1 Ne7 42. Bd2 Nf5 43. Qb4 Bd6 44. Qb3 Bc5 45. Kf1 e4 0-1

[Event "Gibraltar U16 op"]
[Site "Caleta"]
[Date "2017.08.20"]
[Round "5"]
[White "Lovell, William Pm"]
[Black "Kadambadi, Nikhil"]
[Result "1-0"]
[WhiteElo "1619"]
[BlackElo "1655"]
[PlyCount "67"]
[EventDate "2017.08.18"]
[EventType "swiss"]
[EventRounds "6"]
[EventCountry "GGB"]
[SourceTitle "CBM 180 Extra"]
[Source "ChessBase"]
[SourceDate "2017.10.06"]
[SourceVersion "1"]
[SourceVersionDate "2017.10.06"]
[SourceQuality "1"]

1. d4 d5 2. Bf4 e6 3. e3 c5 4. c3 Nc6 5. Nd2 Nf6 6. Ngf3 Bd6 7. Bg3 0-0 8. Bd3 Re8 9. Ne5 Qc7 10. f4 Nd7 11. Bxh7+ Kf8 12. Bd3 Nf6 13. Bh4 Be7 14. 0-0 b6 15. Bb5 Bb7 16. Ndf3 Nxe5 17. fxe5 Nd7 18. Ng5 Bxg5 19. Bxg5 a6 20. Qh5 f6 21. Bxd7 Qxd7 22. exf6 gxf6 23. Rxf6+ Ke7 24. Rf7+ Kd6 25. Rxd7+ Kxd7 26. Rf1 Rf8 27. Rf7+ Kc6 28. Qh7 Rxf7 29. Qxf7 Bc8 30. Qe8+ Kb7 31. Bf4 a5 32. dxc5 b5 33. Qxb5+ Ka7 34. Qb6# 1-0

[Event "Gibraltar U16 op"]
[Site "Caleta"]
[Date "2017.08.18"]
[Round "1"]
[White "Lovell, William Pm"]
[Black "Petersson, Baldur Teodor"]
[Result "0-1"]
[WhiteElo "1619"]
[BlackElo "2120"]
[PlyCount "72"]
[EventDate "2017.08.18"]
[EventType "swiss"]
[EventRounds "6"]
[EventCountry "GGB"]
[SourceTitle "CBM 180 Extra"]
[Source "ChessBase"]
[SourceDate "2017.10.06"]
[SourceVersion "1"]
[SourceVersionDate "2017.10.06"]
[SourceQuality "1"]

1. d4 Nf6 2. Bf4 g6 3. Nf3 Bg7 4. e3 0-0 5. h3 d6 6. Be2 c5 7. c3 b6 8. Nbd2 Bb7 9. 0-0 Nbd7 10. Bh2 Qc7 11. Ne1 Ne4 12. Nxe4 Bxe4 13. f4 f5 14. Bf3 Nf6 15. Nd3 Bxf3 16. Rxf3 c4 17. Nf2 d5 18. g4 e6 19. Bg3 Ne8 20. Bh4 Nd6 21. Rc1 b5 22. Kg2 a5 23. Nh1 Rfb8 24. Be1 b4 25. Rf2 Bf8 26. Ng3 Nb5 27. g5 b3 28. axb3 cxb3 29. Rb1 a4 30. Qd3 a3 31. h4 a2 32. Ra1 Na3 33. h5 Qc4 34. Qd1 Nc2 35. Rxc2 bxc2 36. Qxc2 Qb3 0-1